书目信息 |
| 题名: |
液晶高分子
|
|
| 作者: | 周其凤 , 王新久 著 | |
| 分册: | ||
| 出版信息: | 北京 科学出版社 1994.5 |
|
| 页数: | 269页 | |
| 开本: | 16开 | |
| 丛书名: | 高分子科学丛书 | |
| 单 册: | ||
| 中图分类: | O631.1 | |
| 科图分类: | ||
| 主题词: | 高分子化学 , 高聚物 | |
| 电子资源: | ||
| ISBN: | 7-03-004278-6 | |
| 000 | 00661nam0 2200241 45 | |
| 001 | 0103261014 | |
| 005 | 20031219104049.2 | |
| 010 | @a7-03-004278-6@dCNY36.00 | |
| 100 | @a20010326d1994 km y0chiy0120 ea | |
| 101 | 0 | @achi |
| 105 | @a z 000yy | |
| 200 | 1 | @a液晶高分子@AYe Jing Gao Fen Zi@f周其凤,王新久著@FZhou Qi Feng,Wang Xin Jiu Zhu |
| 210 | @a北京@c科学出版社@d1994.5 | |
| 215 | @a269页@d16开 | |
| 225 | @a高分子科学丛书 | |
| 410 | @12001 @a高分子科学丛书 | |
| 606 | 0 | @a高分子化学 |
| 606 | 0 | @a高聚物 |
| 690 | @aO631.1@v3 | |
| 701 | 0 | @a周其凤@4著 |
| 701 | 0 | @a王新久@4著 |
| 801 | @aCN@bTSTC@c20010326 | |
| 905 | @b296029-031@dO631.1@e32@f3 | |
| 液晶高分子/周其凤,王新久著.-北京:科学出版社,1994.5 |
| 269页;16开.-(高分子科学丛书) |
| ISBN 7-03-004278-6:CNY36.00 |
| ● |
| 相关链接 |
|
|
|
|
正题名:液晶高分子
索取号:O631.1/32
 
预约/预借
| 序号 | 登录号 | 条形码 | 馆藏地/架位号 | 状态 | 备注 |
| 1 | 0296029 | 002960291 | 第三借阅区/ [索取号:O631.1/32] |
已借出,限还日期为2026.05.06 借出人:罗宝晶 |
|
| 2 | 0296030 | 002960308 | 第三借阅区/ [索取号:O631.1/32] | 在馆 | |
| 3 | 0296031 | 002960317 | 第二样本阅览室/ [索取号:O631.1/32] | 在馆 |